Exakte deutsche Landkreise und kreisfreie Städte - Statistiken

Allgemein
  • Dieses Quiz wurde 304 mal gespielt
  • Das Durchschnittsergebnis liegt bei 211 aus 401
Antworten auf der Karte
Die Antworten werden auf der Karte rot bzw. grün angezeigt, abhängig davon wie oft sie richtig erraten wurden.
 
Antwortstatistiken
Landkreis % Korrekt
Berlin
79%
Bremen
77%
Hamburg
76%
Kiel
74%
Dresden
73%
Frankfurt (Oder)
73%
Cottbus
72%
Potsdam
72%
Schwerin
72%
Bremerhaven
71%
Flensburg
71%
Leipzig
71%
Magdeburg
71%
Rostock
71%
Erfurt
70%
München
70%
Chemnitz
69%
Jena
69%
Kassel
69%
Regen
69%
Aschaffenburg
68%
Bamberg
68%
Braunschweig
68%
Frankfurt am Main
68%
Göttingen
68%
Heidelberg
68%
Karlsruhe
68%
Mannheim
68%
Nürnberg
68%
Stuttgart
68%
Wolfsburg
68%
Augsburg
67%
Erlangen
67%
Regensburg
67%
Gera
66%
Heilbronn
66%
Koblenz
66%
Köln
66%
Mainz
66%
Trier
66%
Ulm
66%
Würzburg
66%
Essen
65%
Fürth
65%
Passau
65%
Zwickau
65%
Bayreuth
64%
Görlitz
64%
Kaiserslautern
64%
Osnabrück
64%
Ansbach
63%
Bautzen
63%
Bonn
63%
Darmstadt
63%
Düsseldorf
63%
Hof
63%
Offenbach
63%
Oldenburg
63%
Pforzheim
63%
Wilhelmshaven
63%
Bochum
62%
Cuxhaven
62%
Dessau-Roßlau
62%
Dortmund
62%
Emden
62%
Lübeck
62%
Wiesbaden
62%
Cham
61%
Coburg
61%
Duisburg
61%
Hildesheim
61%
Ingolstadt
61%
Konstanz
61%
Ludwigsburg
61%
Lüneburg
61%
Neu-Ulm
61%
Salzgitter
61%
Schweinfurt
61%
Weimar
61%
Wuppertal
61%
Baden-Baden
60%
Bielefeld
60%
Esslingen
60%
Freiburg im Breisgau
60%
Münster
60%
Neumünster
60%
Region Hannover
60%
Vorpommern-Rügen
60%
Brandenburg an der Havel
59%
Gelsenkirchen
59%
Halle (Saale)
59%
Krefeld
59%
Mecklenburgische Seenplatte
59%
Nordfriesland
59%
Potsdam-Mittelmark
59%
Rosenheim
59%
Celle
57%
Eisenach
57%
Friesland
57%
Fulda
57%
Gießen
57%
Goslar
57%
Hamm
57%
Herne
57%
Landshut
57%
Aurich
56%
Hagen
56%
Harz
56%
Havelland
56%
Leverkusen
56%
Ludwigslust-Parchim
56%
Ostholstein
56%
Plön
56%
Recklinghausen
56%
Reutlingen
56%
Roth
56%
Solingen
56%
Bad Kissingen
55%
Emsland
55%
Heilbronn
55%
Leer
55%
Memmingen
55%
Mönchengladbach
55%
Oberhausen
55%
Pirmasens
55%
Straubing
55%
Amberg
54%
Bodenseekreis
54%
Bottrop
54%
Dachau
54%
Deggendorf
54%
Heidenheim
54%
Kleve
54%
Nordwestmecklenburg
54%
Oberallgäu
54%
Paderborn
54%
Peine
54%
Rastatt
54%
Uckermark
54%
Böblingen
53%
Düren
53%
Gütersloh
53%
Heidekreis
53%
Herzogtum Lauenburg
53%
Lörrach
53%
Meißen
53%
Mittelsachsen
53%
Remscheid
53%
Schwäbisch Hall
53%
Speyer
53%
Stade
53%
Stendal
53%
Vorpommern-Greifswald
53%
Worms
53%
Altötting
52%
Barnim
52%
Dahme-Spreewald
52%
Gotha
52%
Kaufbeuren
52%
Nordsachsen
52%
Ostallgäu
52%
Saarlouis
52%
Tübingen
52%
Vogtlandkreis
52%
Wolfenbüttel
52%
Berchtesgadener Land
51%
Calw
51%
Delmenhorst
51%
Eichstätt
51%
Euskirchen
51%
Jerichower Land
51%
Oberhavel
51%
Rendsburg-Eckernförde
51%
Rhein-Neckar-Kreis
51%
Schwandorf
51%
Spree-Neiße
51%
Suhl
51%
Traunstein
51%
Verden
51%
Zweibrücken
51%
Cloppenburg
50%
Dithmarschen
50%
Grafschaft Bentheim
50%
Kitzingen
50%
Kyffhäuserkreis
50%
Miltenberg
50%
Nordhausen
50%
Oder-Spree
50%
Pinneberg
50%
Prignitz
50%
Ravensburg
50%
Sonneberg
50%
Uelzen
50%
Unna
50%
Unterallgäu
50%
Ammerland
49%
Biberach
49%
Börde
49%
Erding
49%
Freising
49%
Harburg
49%
Heinsberg
49%
Kulmbach
49%
Main-Tauber-Kreis
49%
Märkisch-Oderland
49%
Mülheim an der Ruhr
49%
Ostalbkreis
49%
Saalekreis
49%
Schleswig-Flensburg
49%
Städteregion Aachen
49%
Teltow-Fläming
49%
Vechta
49%
Wesermarsch
49%
Westerwaldkreis
49%
Wittenberg
49%
Ahrweiler
48%
Bergstraße
48%
Borken
48%
Erzgebirgskreis
48%
Freudenstadt
48%
Gifhorn
48%
Göppingen
48%
Günzburg
48%
Hochsauerlandkreis
48%
Höxter
48%
Lahn-Dill-Kreis
48%
Ludwigshafen am Rhein
48%
Main-Spessart
48%
Main-Taunus-Kreis
48%
Mettmann
48%
Neckar-Odenwald-Kreis
48%
Neunkirchen
48%
Neuwied
48%
Olpe
48%
Schwabach
48%
Segeberg
48%
Sömmerda
48%
Steinfurt
48%
Stormarn
48%
Tirschenreuth
48%
Vulkaneifel
48%
Werra-Meißner-Kreis
48%
Wesel
48%
Wittmund
48%
Alb-Donau-Kreis
47%
Anhalt-Bitterfeld
47%
Bad Dürkheim
47%
Elbe-Elster
47%
Emmendingen
47%
Fürstenfeldbruck
47%
Greiz
47%
Groß-Gerau
47%
Kempten (Allgäu)
47%
Kronach
47%
Landau in der Pfalz
47%
Main-Kinzig-Kreis
47%
Märkischer Kreis
47%
Miesbach
47%
Oberspreewald-Lausitz
47%
Rhein-Sieg-Kreis
47%
Steinburg
47%
Wartburgkreis
47%
Bad Kreuznach
46%
Breisgau-Hochschwarzwald
46%
Diepholz
46%
Eichsfeld
46%
Enzkreis
46%
Forchheim
46%
Garmisch-Partenkirchen
46%
Haßberge
46%
Helmstedt
46%
Holzminden
46%
Kelheim
46%
Kusel
46%
Lippe
46%
Osterholz
46%
Rems-Murr-Kreis
46%
Rottweil
46%
Saale-Orla-Kreis
46%
Schwalm-Eder-Kreis
46%
Soest
46%
Starnberg
46%
Südliche Weinstraße
46%
Tuttlingen
46%
Viersen
46%
Vogelsbergkreis
46%
Aichach-Friedberg
45%
Alzey-Worms
45%
Coesfeld
45%
Ebersberg
45%
Ennepe-Ruhr-Kreis
45%
Herford
45%
Hochtaunuskreis
45%
Hohenlohekreis
45%
Lüchow-Dannenberg
45%
Neustadt an der Weinstraße
45%
Odenwaldkreis
45%
Rhön-Grabfeld
45%
Saale-Holzland-Kreis
45%
Schwarzwald-Baar-Kreis
45%
Sigmaringen
45%
Waldshut
45%
Weimarer Land
45%
Altmarkkreis Salzwedel
44%
Burgenlandkreis
44%
Cochem-Zell
44%
Donau-Ries
44%
Donnersbergkreis
44%
Germersheim
44%
Lichtenfels
44%
Mainz-Bingen
44%
Ortenaukreis
44%
Rhein-Erft-Kreis
44%
Rottal-Inn
44%
Salzlandkreis
44%
Schaumburg
44%
St. Wendel
44%
Südwestpfalz
44%
Warendorf
44%
Birkenfeld
43%
Hildburghausen
43%
Landsberg am Lech
43%
Mayen-Koblenz
43%
Neumarkt i.d.OPf
43%
Northeim
43%
Ostprignitz-Ruppin
43%
Rhein-Lahn-Kreis
43%
Rhein-Pfalz-Kreis
43%
Sächsische Schweiz - Osterzgebirge
43%
Wetteraukreis
43%
Darmstadt-Dieburg
41%
Freyung-Grafenau
41%
Hameln-Pyrmont
41%
Ilm-Kreis
41%
Lindau (Bodensee)
41%
Mansfeld-Südharz
41%
Minden-Lübbecke
41%
Oberbergischer Kreis
41%
Rheinisch- Bergischer Kreis
41%
Schmalkalden-Meiningen
41%
Siegen-Wittgenstein
41%
Trier-Saarburg
41%
Unstrut-Hainich-Kreis
41%
Weiden i. d. OPf.
41%
Zollernalbkreis
41%
Altenburger Land
40%
Dingolfing-Landau
40%
Eifelkreis Bitburg-Prüm
40%
Erlangen-Höchstadt
40%
Nürnberger Land
40%
Rheingau-Taunus-Kreis
40%
Rotenburg (Wümme)
40%
Marburg-Biedenkopf
39%
Nienburg (Weser)
39%
Rhein-Hunsrück-Kreis
39%
Rhein-Kreis Neuss
39%
Saalfeld-Rudolstadt
39%
Saarpfalz-Kreis
39%
Altenkirchen (Westerwald)
38%
Dillingen a.d. Donau
38%
Merzig-Wadern
38%
Straubing-Bogen
38%
Amberg-Sulzbach
37%
Bernkastel-Wittlich
37%
Frankenthal (Pfalz)
37%
Neustadt a.d. Waldnaab
37%
Bad Tölz-Wolfratshausen
36%
Hersfeld-Rotenburg
36%
Pfaffenhofen a. d. Ilm
36%
Limburg-Weilburg
35%
Offenbach am Main
35%
Weilheim-Schongau
35%
Weißenburg-Gunzenhausen
35%
Neustadt a.d. Aisch - Bad Windsheim
33%
Wunsiedel i. Fichtelgebirge
33%
Mühldorf am Inn
32%
Regionalverband Saarbrücken
32%
Waldeck-Frankenberg
31%
Neuburg-Schrobenhausen
30%
Keine übereinstimmenden Quizze gefunden
Verteilung der Resultate
Anzahl Personen mit jedem Resultat
Perzentil nach korrekt beantworteten Fragen
Ihre Resultats-Entwicklung
Sie haben dieses Quiz noch nicht gespielt